Những đức tính vàng mà thanh thiếu niên cần phải có

Guardat en:
Dades bibliogràfiques
Format: Llibre
Idioma:Undetermined
Publicat: Hà Nội Thanh niên 2007
Matèries:
Etiquetes: Afegir etiqueta
Sense etiquetes, Sigues el primer a etiquetar aquest registre!
Thư viện lưu trữ: Trung tâm Học liệu Trường Đại học Cần Thơ
LEADER 00560nam a2200193Ia 4500
001 CTU_129498
008 210402s9999 xx 000 0 und d
020 |c 29000 
082 |a 305.24 
082 |b Nh556/T.1 
245 0 |a Những đức tính vàng mà thanh thiếu niên cần phải có 
245 0 |c Văn Toàn ( Biên soạn ) 
260 |a Hà Nội 
260 |b Thanh niên 
260 |c 2007 
650 |a Young adults,Youth 
650 |z Vietnam 
904 |i Giang 
980 |a Trung tâm Học liệu Trường Đại học Cần Thơ